000 00860nam a2200217 i 4500
001 20166
003 ES-MaACL
005 20230906154642.0
007 t|
008 021107m19631964sp |||| | spa d
100 1 _aAguado Bleye, Pedro,
_d1884-1954
_918617
245 1 0 _aManual de historia de España /
_cpor Pedro Aguado Bleye ; prólogo y revisión por Cayetano Alcázar Molina.
250 _a9ª ed.
260 _aMadrid :
_bEspasa-Calpe,
_c1963-1964.
300 _a3 v. ;
_c25 cm.
505 8 _aContiene: I ;
_tPrehistoria. Edades Antigua y Media - II ;
_tReyes Católicos. Casa de Austria (1474-1700) - III ;
_tCasa de Borbón (1700-1808). España Contemporánea (1808-1955)
651 4 _aEspaña-
_xHistoria.
_98209
700 1 _aAlcázar Molina, Cayetano,
_d1897-1958
_919539
852 _aES-MaACL
_jC-30682-84
999 _c20166
_d20166